00410nam a2200157Ia 4500008004100000100001700041245004100058260001200099260001100111260000900122300000700131650001100138942000900149999001500158952007900173160226s9999 xx 000 0 und d10aSilva,E.T.J. aProces of Setting of Portland Cement aColombo bIchemc c2015 a36 aCement cbook c3213d3213 0010708NFICaICbICcGENd2016-02-26l0pS0068r2016-02-26 00:00:00yDIS